Structure of Risk Monitoring Exposure - Benefit and Trends

Gespeichert in:
Bibliographische Detailangaben
1. Verfasser: Hocman, František, 1983-
Format: Buchkapitel
Sprache:Englisch
Schlagworte:
Tags: Tag hinzufügen
Keine Tags, Fügen Sie das erste Tag hinzu!

MARC

LEADER 00000naa$a2200000$$$4500
001 0229040
005 20240502083617.1
041 0 |a eng 
044 |a RS 
245 1 0 |a Structure of Risk Monitoring Exposure - Benefit and Trends  |c František Hocman 
610 2 0 |a riziko 
610 2 0 |a meranie 
610 2 0 |a monitoring 
610 2 0 |a analýzy 
610 2 0 |a riadenie rizík 
610 2 0 |a kríza 
100 1 |a Hocman, František, 1983-